[Event "CZE-chT2F 1314"]
[Site "Czech Republic"]
[Date "2013.12.15"]
[Round "4.44"]
[White "Konvicka, Martin"]
[Black "Kubeczka, Ales"]
[Result "1-0"]
[WhiteElo "1992"]
[BlackElo "2069"]
[PlyCount "103"]
[EventDate "2013.11.03"]
[EventType "team-tourn"]
[EventRounds "11"]
[EventCountry "CZE"]
[SourceTitle "EXT 2016"]
[Source "ChessBase"]
[SourceDate "2015.10.08"]
[SourceVersion "1"]
[SourceVersionDate "2015.10.08"]
[SourceQuality "1"]
[WhiteTeam "Hostalkova"]
[BlackTeam "Havirov Slovan"]
[WhiteTeamCountry "CZE"]
[BlackTeamCountry "CZE"]

1. e4 c6 2. d4 d5 3. exd5 cxd5 4. Bd3 Nc6 5. c3 Qc7 6. h3 Nf6 7. Ne2 Bd7 8. Bf4 e5 9. dxe5 Nxe5 10. Bxe5 Qxe5 11. Nd2 Qg5 12. Ng3 Bd6 13. Nf3 Qf4 14. 0-0 0-0 15. Qd2 Qa4 16. Bc2 Qa5 17. Nd4 Qc7 18. Qg5 Bf4 19. Qh4 Rfe8 20. Rae1 h6 21. Ngf5 Bg5 22. Qg3 Qxg3 23. Nxg3 g6 24. Re2 b5 25. Bd3 Rab8 26. Rxe8+ Nxe8 27. Rd1 b4 28. cxb4 Rxb4 29. Nb3 Bf6 30. Rd2 Be6 31. Nf1 Nd6 32. Ne3 Nc4 33. Bxc4 dxc4 34. Nc5 a5 35. Nxe6 fxe6 36. Kf1 Kf7 37. Ke2 Ke7 38. Rc2 Bxb2 39. Nxc4 Bf6 40. Nxa5 Ra4 41. Nc4 Bd4 42. Kd3 Ba7 43. Kc3 Bc5 44. a3 Kf6 45. Kb3 Ra8 46. a4 Bd4 47. a5 Rb8+ 48. Ka4 e5 49. Nb6 Kf5 50. Kb5 Ke4 51. f3+ Kf4 52. Rc6 1-0

[Event "CZE-chT2F 1314"]
[Site "Czech Republic"]
[Date "2013.11.03"]
[Round "1.54"]
[White "Fargac, Martin"]
[Black "Konvicka, Martin"]
[Result "1/2-1/2"]
[WhiteElo "2149"]
[BlackElo "1992"]
[PlyCount "80"]
[EventDate "2013.11.03"]
[EventType "team-tourn"]
[EventRounds "11"]
[EventCountry "CZE"]
[SourceTitle "EXT 2016"]
[Source "ChessBase"]
[SourceDate "2015.10.08"]
[SourceVersion "1"]
[SourceVersionDate "2015.10.08"]
[SourceQuality "1"]
[WhiteTeam "Trinec II"]
[BlackTeam "Hostalkova"]
[WhiteTeamCountry "CZE"]
[BlackTeamCountry "CZE"]

1. e4 c5 2. Nf3 d6 3. d4 cxd4 4. Nxd4 Nf6 5. Nc3 a6 6. Bg5 e6 7. f3 Be7 8. Qd2 Qc7 9. 0-0-0 Nbd7 10. h4 b5 11. Bd3 Bb7 12. Kb1 Rc8 13. h5 h6 14. Bh4 Ne5 15. g4 b4 16. Nce2 d5 17. Bxf6 gxf6 18. exd5 Bxd5 19. Rhf1 a5 20. Bb5+ Kf8 21. Nf4 Bc4 22. Rfe1 Qb7 23. Bxc4 Rxc4 24. Ndxe6+ fxe6 25. Rxe5 fxe5 26. Ng6+ Kg7 27. Qe2 Rd4 28. Rxd4 exd4 29. Qxe6 Bg5 30. Nxh8 Qxf3 31. a3 Kxh8 32. Qe5+ Kh7 33. Qc7+ Kg8 34. axb4 axb4 35. Qc4+ Kg7 36. Qxd4+ Bf6 37. Qd7+ Kh8 38. Qe8+ Kg7 39. Qd7+ Kh8 40. Qe8+ Kg7 1/2-1/2

[Event "CZE-chT1E 1213"]
[Site "Czech Republic"]
[Date "2013.04.21"]
[Round "11.8"]
[White "Konvicka, Martin"]
[Black "Vincze, Roman"]
[Result "1/2-1/2"]
[WhiteElo "1987"]
[BlackElo "2111"]
[PlyCount "75"]
[EventDate "2012.10.21"]
[EventType "team-tourn"]
[EventRounds "11"]
[EventCountry "CZE"]
[SourceTitle "EXT 2014"]
[Source "ChessBase"]
[SourceDate "2013.11.20"]
[SourceVersion "1"]
[SourceVersionDate "2013.11.20"]
[SourceQuality "1"]
[WhiteTeam "Polabiny II"]
[BlackTeam "Jihlava"]
[WhiteTeamCountry "CZE"]
[BlackTeamCountry "CZE"]

1. e4 e6 2. d4 d5 3. Nc3 Nf6 4. Bg5 dxe4 5. Nxe4 Be7 6. Bxf6 Bxf6 7. Nf3 0-0 8. Qd2 b6 9. 0-0-0 Bb7 10. Bd3 Nd7 11. Neg5 Bxg5 12. Nxg5 Nf6 13. h4 c5 14. dxc5 bxc5 15. Qe3 Qc7 16. Ne4 Nxe4 17. Bxe4 Bxe4 18. Qxe4 Rfd8 19. Rh3 Rxd1+ 20. Kxd1 Rd8+ 21. Rd3 Rxd3+ 22. Qxd3 h5 23. Qe4 g6 24. c3 Kg7 25. Kc2 c4 26. g3 e5 27. f4 exf4 28. gxf4 Kf8 29. b3 cxb3+ 30. axb3 Qb6 31. Qe5 Qf2+ 32. Kd3 Qxh4 33. Qh8+ Ke7 34. Qe5+ Kd7 35. Qd4+ Ke8 36. Qh8+ Kd7 37. Qd4+ Ke8 38. Qh8+ 1/2-1/2

[Event "EU-ch U18"]
[Site "Prague"]
[Date "2012.08.21"]
[Round "5"]
[White "Pavel, Sebastian Ionut"]
[Black "Konvicka, Martin"]
[Result "1-0"]
[WhiteElo "2045"]
[BlackElo "1937"]
[PlyCount "65"]
[EventDate "2012.08.17"]
[EventType "swiss"]
[EventRounds "9"]
[EventCountry "CZE"]
[SourceTitle "CBM 150 Extra"]
[Source "ChessBase"]
[SourceDate "2012.10.19"]
[SourceVersion "1"]
[SourceVersionDate "2012.10.19"]
[SourceQuality "1"]

1. d4 Nf6 2. c4 g6 3. Nc3 Bg7 4. e4 d6 5. f3 a6 6. Bg5 0-0 7. Qd2 c6 8. h4 b5 9. g4 Nbd7 10. Bd3 bxc4 11. Bxc4 d5 12. exd5 Nb6 13. Bb3 cxd5 14. 0-0-0 a5 15. Na4 Nxa4 16. Bxa4 Ba6 17. Ne2 Qb6 18. Nc3 Rfc8 19. Kb1 e6 20. h5 Rab8 21. Rh2 Qb4 22. Bb3 Ne8 23. hxg6 hxg6 24. Bh6 Bf6 25. Bf4 Rb7 26. Be5 Bxe5 27. dxe5 Kf8 28. Qg5 f6 29. exf6 Rxc3 30. Rh8+ Kf7 31. Rh7+ Kf8 32. Qh6+ Kg8 33. Qxg6+ 1-0

[Event "EU-ch U18"]
[Site "Prague"]
[Date "2012.08.20"]
[Round "4"]
[White "Konvicka, Martin"]
[Black "Jovanovic, Bojan P"]
[Result "0-1"]
[WhiteElo "1937"]
[BlackElo "2179"]
[PlyCount "70"]
[EventDate "2012.08.17"]
[EventType "swiss"]
[EventRounds "9"]
[EventCountry "CZE"]
[SourceTitle "CBM 150 Extra"]
[Source "ChessBase"]
[SourceDate "2012.10.19"]
[SourceVersion "1"]
[SourceVersionDate "2012.10.19"]
[SourceQuality "1"]

1. e4 e6 2. d4 d5 3. Nc3 Bb4 4. e5 c5 5. a3 Bxc3+ 6. bxc3 Ne7 7. Qg4 0-0 8. Bd3 f5 9. Qg3 Qa5 10. Bd2 Qa4 11. Nf3 c4 12. Be2 Qxc2 13. Rc1 Qa4 14. h4 Nbc6 15. h5 Kh8 16. Nh4 Rf7 17. Bg5 h6 18. Bf4 Qa5 19. Qe3 Kh7 20. Rh3 Bd7 21. Rg3 Qxa3 22. Rg6 Ng8 23. Qg3 Nce7 24. Nf3 b5 25. Ng5+ hxg5 26. Qxg5 a5 27. f3 b4 28. cxb4 axb4 29. Kf2 b3 30. Rh1 b2 31. Rh3 b1Q 32. Rg3 Qaa1 33. Rxg7+ Kh8 34. Bc1 Qxc1 35. Qxc1 Qxd4+ 0-1

[Event "EU-ch U18"]
[Site "Prague"]
[Date "2012.08.19"]
[Round "3"]
[White "Starek, Stanislav"]
[Black "Konvicka, Martin"]
[Result "0-1"]
[WhiteElo "2052"]
[BlackElo "1937"]
[PlyCount "106"]
[EventDate "2012.08.17"]
[EventType "swiss"]
[EventRounds "9"]
[EventCountry "CZE"]
[SourceTitle "CBM 150 Extra"]
[Source "ChessBase"]
[SourceDate "2012.10.19"]
[SourceVersion "1"]
[SourceVersionDate "2012.10.19"]
[SourceQuality "1"]

1. d4 Nf6 2. c4 g6 3. Nc3 Bg7 4. e4 d6 5. Nf3 0-0 6. Be2 e5 7. 0-0 Nc6 8. d5 Ne7 9. Ne1 Nd7 10. Nd3 f5 11. Bd2 Nf6 12. f3 f4 13. Rc1 g5 14. c5 h5 15. Nb5 Ne8 16. Ba5 b6 17. cxd6 cxd6 18. Be1 Ng6 19. Nb4 a6 20. Nc6 Qd7 21. Nc3 b5 22. Qb3 g4 23. a4 g3 24. hxg3 fxg3 25. Bxg3 Bh6 26. Rc2 h4 27. Bh2 Nf6 28. Nd1 Nh5 29. Ne3 Qg7 30. Kf2 Ngf4 31. Rg1 Ng3 32. Bf1 Nfh5 33. Ke1 Bf4 34. Kd1 Qg5 35. Nf5 Bxf5 36. exf5 Nxf5 37. Bxf4 Qxf4 38. g3 Nhxg3 39. Ke1 Ne3 40. Be2 Nxc2+ 41. Qxc2 Rf7 42. Qg6+ Rg7 43. Qe6+ Kh8 44. Rg2 Rf8 45. Ne7 Qc1+ 46. Bd1 Rxf3 47. Qc8+ Qxc8 48. Nxc8 Rf1+ 49. Kd2 Ne4+ 50. Ke2 Rxg2+ 51. Kxf1 h3 52. axb5 Nd2+ 53. Ke1 h2 0-1

[Event "Tabor op"]
[Site "Tabor"]
[Date "2012.08.05"]
[Round "9"]
[White "Borkovec, Milan"]
[Black "Konvicka, Martin"]
[Result "1-0"]
[WhiteElo "2152"]
[BlackElo "1923"]
[PlyCount "47"]
[EventDate "2012.07.29"]
[EventType "swiss"]
[EventRounds "9"]
[EventCountry "CZE"]
[SourceTitle "EXT 2013"]
[Source "ChessBase"]
[SourceDate "2012.11.22"]
[SourceVersion "1"]
[SourceVersionDate "2012.11.22"]
[SourceQuality "1"]

1. e4 c5 2. Nf3 d6 3. d4 cxd4 4. Nxd4 Nf6 5. Nc3 a6 6. Bg5 Nbd7 7. Bc4 Qa5 8. Qd2 b5 9. Bd5 Nxd5 10. Nxd5 Qxd2+ 11. Bxd2 Ra7 12. Nc6 Rb7 13. a4 e6 14. axb5 exd5 15. bxa6 Rxb2 16. 0-0 dxe4 17. a7 Nb6 18. Rfb1 Rxb1+ 19. Rxb1 Na8 20. Rb8 Kd7 21. Rxa8 Bb7 22. Ne5+ Ke7 23. Rb8 Bd5 24. c4 1-0

[Event "Tabor op"]
[Site "Tabor"]
[Date "2012.07.31"]
[Round "4"]
[White "Konvicka, Martin"]
[Black "Lamser, Miroslav"]
[Result "0-1"]
[WhiteElo "1923"]
[BlackElo "2080"]
[PlyCount "58"]
[EventDate "2012.07.29"]
[EventType "swiss"]
[EventRounds "9"]
[EventCountry "CZE"]
[SourceTitle "EXT 2013"]
[Source "ChessBase"]
[SourceDate "2012.11.22"]
[SourceVersion "1"]
[SourceVersionDate "2012.11.22"]
[SourceQuality "1"]

1. e4 d5 2. exd5 Qxd5 3. Nc3 Qa5 4. d4 Nf6 5. Bc4 c6 6. Bd2 Bg4 7. f3 Bf5 8. Nge2 e6 9. Ng3 Bg6 10. Qe2 Bb4 11. 0-0-0 0-0 12. h4 Nbd7 13. h5 Nxh5 14. Nxh5 Bxh5 15. Bd3 Nf6 16. g4 Bg6 17. g5 Nh5 18. Rdg1 Bxc3 19. Bxc3 Qxa2 20. Bc4 Qa4 21. b3 Qa3+ 22. Bb2 Qd6 23. Rh4 b5 24. Rgh1 bxc4 25. Rxh5 Qf4+ 26. Kb1 cxb3 27. R5h4 bxc2+ 28. Ka1 Qf5 29. Qh2 Rab8 0-1

[Event "CZE-chT U20 final-B 1011"]
[Site "Czech Republic"]
[Date "2011.04.16"]
[Round "9.3"]
[White "Konvicka, Martin"]
[Black "Sroubova, Lenka"]
[Result "0-1"]
[WhiteElo "1879"]
[BlackElo "1873"]
[PlyCount "106"]
[EventDate "2010.10.02"]
[EventType "team-tourn"]
[EventRounds "11"]
[EventCountry "CZE"]
[SourceTitle "EXT 2012"]
[Source "ChessBase"]
[SourceDate "2011.11.24"]
[SourceVersion "1"]
[SourceVersionDate "2011.11.24"]
[SourceQuality "1"]
[WhiteTeam "Trinec (U20)"]
[BlackTeam "Rychnov nad Kneznou (U20)"]
[WhiteTeamCountry "CZE"]
[BlackTeamCountry "CZE"]

1. e4 Nf6 2. e5 Nd5 3. d4 d6 4. c4 Nb6 5. exd6 exd6 6. Nf3 Bg4 7. Be2 Nc6 8. 0-0 Be7 9. Nc3 0-0 10. b3 Bf6 11. Be3 Re8 12. h3 Bxf3 13. Bxf3 Rb8 14. Qd2 Ne7 15. g4 Ng6 16. Rae1 Nd7 17. Be4 Ndf8 18. f4 Bh4 19. Re2 h6 20. Rg2 Nd7 21. g5 hxg5 22. fxg5 Ndf8 23. Rg4 c6 24. Qd3 Qe7 25. Rf3 Rbd8 26. Bf5 Qc7 27. Qf1 Re7 28. Ne4 Rde8 29. Qd3 d5 30. Ng3 Qa5 31. Bd2 Qb6 32. Bxg6 Nxg6 33. Nf5 Re4 34. c5 Qc7 35. Nd6 Rxg4+ 36. hxg4 Re7 37. Qf1 Qd7 38. Qg2 Be1 39. Bxe1 Rxe1+ 40. Rf1 Rxf1+ 41. Kxf1 Qe7 42. Qf3 Nh4 43. Qf4 Ng6 44. Qf5 Qe6 45. Qxe6 fxe6 46. Nxb7 e5 47. Nd8 exd4 48. Nxc6 d3 49. Nxa7 Nf4 50. c6 d2 51. c7 d1Q+ 52. Kf2 Qc2+ 53. Kf3 Qxc7 0-1

[Event "CZE-ch U16"]
[Site "Kouty nad Desnou"]
[Date "2011.03.19"]
[Round "9"]
[White "Zezula, Rudolf"]
[Black "Konvicka, Martin"]
[Result "1-0"]
[WhiteElo "1925"]
[BlackElo "1879"]
[PlyCount "39"]
[EventDate "2011.03.12"]
[EventType "swiss"]
[EventRounds "9"]
[EventCountry "CZE"]
[SourceTitle "EXT 2014"]
[Source "ChessBase"]
[SourceDate "2013.11.20"]
[SourceVersion "1"]
[SourceVersionDate "2013.11.20"]
[SourceQuality "1"]

1. e4 c5 2. Nf3 d6 3. d4 cxd4 4. Nxd4 Nf6 5. Nc3 a6 6. Bc4 e6 7. Bb3 Be7 8. Bg5 Qc7 9. Qf3 Nc6 10. Nxc6 Qxc6 11. 0-0-0 0-0 12. Rhe1 b5 13. Qg3 Rd8 14. f4 Ra7 15. e5 Ne8 16. Ne4 Kh8 17. Qh4 Qc7 18. Bxe7 Qxe7 19. Ng5 h6 20. Nxf7+ 1-0

[Event "CZE-ch U16"]
[Site "Kouty nad Desnou"]
[Date "2011.03.18"]
[Round "8"]
[White "Lhotka, Jiri"]
[Black "Konvicka, Martin"]
[Result "1-0"]
[WhiteElo "1842"]
[BlackElo "1879"]
[PlyCount "77"]
[EventDate "2011.03.12"]
[EventType "swiss"]
[EventRounds "9"]
[EventCountry "CZE"]
[SourceTitle "EXT 2014"]
[Source "ChessBase"]
[SourceDate "2013.11.20"]
[SourceVersion "1"]
[SourceVersionDate "2013.11.20"]
[SourceQuality "1"]

1. e4 c5 2. Nf3 d6 3. d4 cxd4 4. Nxd4 Nf6 5. Nc3 a6 6. Bc4 e6 7. 0-0 Be7 8. Bb3 0-0 9. f4 Nc6 10. Be3 Qc7 11. Qf3 b5 12. f5 Nxd4 13. Bxd4 b4 14. Nd1 e5 15. Bf2 Bb7 16. Re1 Qc6 17. Bh4 Rfe8 18. Bxf6 Bxf6 19. Ne3 Qxe4 20. Qg3 Bh4 21. Qh3 Bxe1 22. Rxe1 d5 23. Qg3 Qf4 24. Qh3 a5 25. Rf1 Qd4 26. f6 Qe4 27. c3 d4 28. Nf5 Ra6 29. Bxf7+ Kxf7 30. Qh5+ g6 31. Qxh7+ Ke6 32. Ng7+ Kd5 33. Nxe8 Kc4 34. b3+ Kxc3 35. Qh3+ Kd2 36. Rf2+ Kd1 37. f7 d3 38. Qf3+ Qxf3 39. gxf3 1-0

[Event "CZE-ch U16"]
[Site "Kouty nad Desnou"]
[Date "2011.03.17"]
[Round "7"]
[White "Konvicka, Martin"]
[Black "Walek, Petr"]
[Result "0-1"]
[WhiteElo "1879"]
[BlackElo "1664"]
[PlyCount "54"]
[EventDate "2011.03.12"]
[EventType "swiss"]
[EventRounds "9"]
[EventCountry "CZE"]
[SourceTitle "EXT 2014"]
[Source "ChessBase"]
[SourceDate "2013.11.20"]
[SourceVersion "1"]
[SourceVersionDate "2013.11.20"]
[SourceQuality "1"]

1. e4 e5 2. Nf3 Nf6 3. Nxe5 d6 4. Nf3 Nxe4 5. Nc3 Nxc3 6. dxc3 Be7 7. Be3 Nc6 8. Qd2 Be6 9. 0-0-0 Qd7 10. Kb1 0-0 11. h3 Rfb8 12. g4 b5 13. g5 a5 14. h4 b4 15. h5 a4 16. Bd3 Bxa2+ 17. Kxa2 b3+ 18. cxb3 axb3+ 19. Kb1 Ne5 20. Nxe5 Qa4 21. Kc1 dxe5 22. g6 Qa1+ 23. Bb1 Ra2 24. gxh7+ Kh8 25. h6 g6 26. Bd4 Rba8 27. Bxe5+ Kxh7 0-1

[Event "CZE-ch U16"]
[Site "Kouty nad Desnou"]
[Date "2011.03.14"]
[Round "4"]
[White "Konvicka, Martin"]
[Black "Stodola, Marek"]
[Result "0-1"]
[WhiteElo "1879"]
[BlackElo "1892"]
[PlyCount "44"]
[EventDate "2011.03.12"]
[EventType "swiss"]
[EventRounds "9"]
[EventCountry "CZE"]
[SourceTitle "EXT 2014"]
[Source "ChessBase"]
[SourceDate "2013.11.20"]
[SourceVersion "1"]
[SourceVersionDate "2013.11.20"]
[SourceQuality "1"]

1. e4 c5 2. Nf3 d6 3. d4 cxd4 4. Nxd4 Nf6 5. Nc3 e6 6. g4 a6 7. g5 Nfd7 8. Be3 b5 9. Qd2 Bb7 10. f3 b4 11. Nce2 d5 12. Ng3 Be7 13. h4 Qc7 14. Rg1 Nc5 15. e5 Qxe5 16. 0-0-0 Qc7 17. f4 Nc6 18. Bg2 0-0 19. Nh5 Rfc8 20. f5 b3 21. a3 bxc2 22. Qxc2 Nxd4 0-1

[Event "CZE-ch U16"]
[Site "Kouty nad Desnou"]
[Date "2011.03.13"]
[Round "2"]
[White "Konvicka, Martin"]
[Black "Gnida, Patrik"]
[Result "1/2-1/2"]
[WhiteElo "1879"]
[BlackElo "1769"]
[PlyCount "100"]
[EventDate "2011.03.12"]
[EventType "swiss"]
[EventRounds "9"]
[EventCountry "CZE"]
[SourceTitle "EXT 2014"]
[Source "ChessBase"]
[SourceDate "2013.11.20"]
[SourceVersion "1"]
[SourceVersionDate "2013.11.20"]
[SourceQuality "1"]

1. e4 c5 2. Nf3 e6 3. d4 cxd4 4. Nxd4 a6 5. Bd3 Nc6 6. Nb3 Nf6 7. 0-0 d5 8. Nc3 Be7 9. Qe2 dxe4 10. Nxe4 0-0 11. Rd1 Qc7 12. Bg5 Nxe4 13. Bxe7 Nxe7 14. Bxe4 f5 15. Bf3 e5 16. Qd2 e4 17. Be2 Be6 18. Qd6 Qxd6 19. Rxd6 Bxb3 20. axb3 Rfd8 21. Rad1 Nc6 22. Kf1 Rxd6 23. Rxd6 Rd8 24. Bc4+ Kf8 25. Rxd8+ Nxd8 26. Ke2 Ke7 27. Ke3 h6 28. b4 Nc6 29. b5 axb5 30. Bxb5 Ne5 31. Be2 Ke6 32. c4 b6 33. b3 g6 34. f3 exf3 35. Bxf3 g5 36. Bd5+ Kd6 37. Kd4 f4 38. b4 Nd7 39. Bf3 Nf6 40. h3 h5 41. c5+ bxc5+ 42. bxc5+ Ke6 43. Kc4 g4 44. hxg4 hxg4 45. Bd1 Kd7 46. Kd4 f3 47. gxf3 gxf3 48. Bxf3 Kc7 49. Ke5 Nd7+ 50. Kd5 Nxc5 1/2-1/2